| 000 | 00838nam a22002177a 4500 | ||
|---|---|---|---|
| 003 | LK-CoMWRAF | ||
| 005 | 20240624104707.0 | ||
| 008 | 240624b2003 |||||||| |||| 00| 0 eng d | ||
| 040 |
_aLK-CoMWRAF _dLK-CoMWRAF _eLK-CoMWRAF |
||
| 041 | _aeng | ||
| 082 |
_a305.42 _bWOM |
||
| 110 | _aWomen Living Under Muslim Laws (WLUML) | ||
| 245 |
_aWomen's peacecast V: _b in search of justice, human rights and a just peace- women activities from the network WLUML exchange feminist perspectives in the aftermath of 9/11 |
||
| 260 |
_aLondon: _bWLUML, _c2003 |
||
| 300 | _a48 p. ; 21 cm | ||
| 490 |
_aWLUML Occasional paper _vNo.13 |
||
| 650 | _aMUSLIM WOMEN-Attitudes | ||
| 710 | _aFeminist International Radio Endeavor (FIRE) | ||
| 856 | _uhttps://wrrc.wluml.org/sites/wluml.org/files/import/english/pubs/pdf/occpaper/OCP-13.pdf | ||
| 942 | _cBK | ||
| 999 |
_c4933 _d4933 |
||